00373nam a22001457a 4500003000700000005001700007008004100024082001800065100004400083245002500127260003900152300000800191490002300199650000500222MPLRDC20220104123553.0210129b ||||| |||| 00| 0 eng d a411.3 JMWW-2  a将门文物出版有限公司编辑部 a怎样吃最健康c ab将门文物出版有限公司c b平 a健康文库书系 a